Východní Čechy : [fot. publ.] /

Hlavní autor: Hyhlík, Vladimír, 1925-2011
Další autoři: Přeučil, František, 1926-, Veselý, Evžen
Jazyk: Více jazyků
Čeština
Vydáno: Praha : Olympia, 1980
Vydání: 2. vyd.
Externí odkaz: Digitalizovaný dokument
Fyzický popis: [230] s. ; 4°
Knihy
Uloženo v:
LEADER 01539nam a22003612a 4500
001 001270329
003 CZ BrMZK
005 20121211103105.0
007 ta
008 121211s1980 xr af er|||||||||||cze d
015 |a cnb000397694  |z cnb000119540 
035 |a (OCoLC)40083341 
040 |a ABA001  |b cze  |c ABA001  |d ABA001 
041 1 |a cze  |a mul  |h cze 
080 9 |a 779 :908.437.13 
100 1 |a Hyhlík, Vladimír,  |d 1925-2011  |7 jk01043403  |4 pht 
245 1 0 |a Východní Čechy :  |b [fot. publ.] /  |c [fot.:] Vladimír Hyhlík, František Přeučil ; prův. text: Evžen Veselý ; úvod: Karel Milchl ; [souběž.] překlad veršů do ruš.: Margarita Rogačová, do něm.: Helena Krausová, do angl.: JoyKadečková / Vladimír Hyhlík 
250 |a 2. vyd. 
260 |a Praha :  |b Olympia,  |c 1980 
300 |a [230] s. ;  |c 4° 
500 |a Obálka a vazba: Petr Turek 
500 |a 45000 výt. 
500 |a Souběž. rus., něm. a angl. název 
500 |a Některé fot. barev. 
500 |a Fot. na frontispice 
700 1 |a Přeučil, František,  |d 1926-  |7 jk01101500  |4 pht 
700 1 |a Veselý, Evžen  |7 jk01142131  |4 wfw 
856 4 1 |u http://www.digitalniknihovna.cz/mzk/uuid/uuid:33fbdc60-48e9-11e2-bc08-005056827e52  |y Digitalizovaný dokument  |x NDK 
910 |a BOA001  |b 3-0786.269-80 
990 |a BK 
991 |b 201212 
996 6 |b 2619522734  |c 3-0786.269-80  |l MZK  |r Sklad / do 1 hodiny  |n 0  |w 001304595  |u 000020  |a 1  |e BOA001  |j MZK50  |s P 
996 6 |b 2619522735  |c 3-0786.269-80  |l MZK  |r Sklad / do 1 hodiny  |n 0  |w 001304595  |u 000010  |a 1  |e BOA001  |j MZK50  |s P